| 000 | 00357nam a2200157Ia 4500 | ||
|---|---|---|---|
| 005 | 20240807061918.0 | ||
| 008 | 240806s9999||||xx |||||||||||||| ||eng|| | ||
| 041 | _aeng | ||
| 082 |
_a891.4309 _bRAJS |
||
| 100 | _aRaj Kishor | ||
| 245 | 0 |
_aIstri ke liye jagah / _cRaj Kishor |
|
| 260 | _bVani Prakashan | ||
| 300 | _a159p. | ||
| 650 | _aHindi | ||
| 942 | _cBK | ||
| 999 |
_c2767 _d2767 |
||